| 000 | 00381nam a2200157Ia 4500 | ||
|---|---|---|---|
| 008 | 230312s9999||||xx |||||||||||||| ||und|| | ||
| 020 | _a0-07-231577-6 | ||
| 082 |
_a658.87 _bLEV-R |
||
| 100 | _aLevy, Michael | ||
| 245 | 0 | _aRetailing Management | |
| 260 |
_bMcGraw Hill _alondon _c2001 |
||
| 300 | _a754 | ||
| 546 | _aEng. | ||
| 650 |
_aManagement _vThe Retail Customer |
||
| 942 | _cBK | ||
| 999 |
_c295 _d295 |
||